La bola de nieve / (Record no. 57915)

MARC details
000 -LEADER
campo de control de longitud fija 00565nam a2200193 i 4500
001 - NÚMERO DE CONTROL
campo de control 57915
003 - IDENTIFICADOR DE NÚMERO DE CONTROL
campo de control ES-MaACL
005 - FECHA Y HORA DE LA ÚLTIMA TRANSACCIÓN
campo de control 20250704062527.0
007 - CAMPO FIJO DE DESCRIPCIÓN FÍSICA--INFORMACIÓN GENERAL
campo de control de longitud fija t|
008 - DATOS DE LONGITUD FIJA--INFORMACIÓN GENERAL
campo de control de longitud fija 031020s1959 sp ||||1| spa d
100 1# - ENTRADA PRINCIPAL--NOMBRE DE PERSONA
Nombre de persona Dumas, Alexandre,
Fechas asociadas al nombre 1802-1870
Término indicativo de función/relación Autor
9 (RLIN) 241135
245 13 - MENCIÓN DEL TÍTULO
Título La bola de nieve /
Mención de responsabilidad, etc. Alejandro Dumas ; [traducción de Luis Calvo].
260 ## - PUBLICACIÓN, DISTRIBUCIÓN, ETC.
Lugar de publicación, distribución, etc. Barcelona :
Nombre del editor, distribuidor, etc. Maucci,
Fecha de publicación, distribución, etc. [1959]
300 ## - DESCRIPCIÓN FÍSICA
Extensión 191 p. ;
Dimensiones 18 cm.
700 1# - ENTRADA AGREGADA--NOMBRE PERSONAL
Nombre de persona Calvo, Luis,
Fechas asociadas al nombre 1898-1991
9 (RLIN) 33855
852 ## - LOCALIZACIÓN
Ubicación ES-MaACL
Número de control de estantería C-18074
Sublocalización o colección R.44456
942 ## - ELEMENTOS DE ENTRADA SECUNDARIOS (KOHA)
Fuente del sistema de clasificación o colocación Clasificación decimal universal
Holdings
Estatus retirado Estado de pérdida Estado de daño No para préstamo Biblioteca de origen Biblioteca actual Ubicación en estantería Fecha de adquisición Fuente de adquisición Total de préstamos Signatura topográfica completa Código de barras Visto por última vez Precio de reemplazo Tipo de ítem Koha
        Biblioteca del Ateneo de Madrid Biblioteca del Ateneo de Madrid Galería 17/01/2008     C-18074 1060785 23/02/2023 23/02/2023 Libro impreso